000 00576nam a2200217 4500
003 LK-CoMWRAF
005 20231206132434.0
008 231206b1975 |||||||| |||| 00| 0 eng d
020 _a0245526757
040 _aLK-CoMWRAF
_dLK-CoMWRAF
_eLK-CoMWRAF
041 _aeng
082 _a541.3
_bHEY
100 _aHeys, H.L.
245 _aPhysical chemistry
250 _a5th ed.
260 _aLondon:
_bHarrap,
_c1975
300 _a 512 p. : ill. ; 22 cm
_bIndex included
650 _aCHEMISTRY,PHYSICAL
650 _aPhysical chemistry-Secondary school texts
942 _cBK
999 _c4294
_d4294